Statistiques concernant Qui suis-je? #5

Cliquez ici pour prendre le quiz!

Statistiques générales

  • Ce quiz a été pris 335 fois
  • Le résultat moyen est 8 sur 10

Statistiques - réponses

HintRéponse% Correct
"Paris outragé! Paris brisé! Paris martyrisé! Mais Paris libéré!". Vous souvenez-vous de cette citation, de mémoire, dans les médias ou dans vos cours? C'est moi qui ai prononcé ces mots. Je suis un héros de la libération de la France des mains des nazis et du régime de Vichy établi par Pétain. Je suis devenu Président de la République une dizaine d'années plus tard. J'ai du négocié avec les étudiants lors des manifestations de mai 1968, ma vision étant jugée archaïque et dépassée. J'ai un célèbre aéroport parisien intitulé à mon nom.Charles de Gaulle
92%
Je suis le plus grand pirate de tous les temps. Comment? Je suis un escroc? Je balancerais mes bras en feignant l'alccolisme pour duper mon ennemi? Mais qu'allez-vous dire. C'est une diffamation. Pour vous pardonnez, allons boire un verre... Non! une bouteille entière de rhum en jouant aux cartes. Que dites-vous? Vous voulez mettre mon Black Pearl sur la table? Non! Le Pearl est à moi et à personnes d'autres.Jack Sparrow
91%
Je vis le monde en 1914 à Courbevoie. Je me dirige très vite sur les planches, mais le succès fut long à arriver. Je vivotais de petits boulots pour arrondir les fins de mois à cette époque, tel que pianiste dans un bar. Je connus le succès sur le tard au cinéma. J'ai joué avec les plus grands tels que Jean Gabin ou Bourvil. J'ai pris part à plus de 140 films, la plupart étant des films comiques. Je suis d'ailleurs considéré comme l'un des plus grands comiques français du XXe siècle. Même après ma mort, en 1983 à Nantes, j'ai de nombreux fans. Je suis toujours un des champions du box-office français.Louis de Funès
87%
Mon origine et ma race, inconnues elles sont. De l'ordre Jedi un des grands maîtres je suis. De nombreux soldats j'ai formé. Parmi eux, le jeune Luke se trouvait. Peu de temps après je mourus. Plutôt, la Force et moi, un seul et même être nous formâmes. De temps en temps j'apparais. Tel un spectre j'apparais et je disparais. Pour devenir un grand homme et un grand soldat, mes conseils suivre tu dois.Yoda
86%
Je suis né dans l'ancien Empire britanniques des Indes. Je suis parti en Grande-Bretagne pour devenir avocat. Je fus l'un des principaux acteurs de l'indépendance de l'Inde, en luttant contre les lois coloniales de l'Empire tout en préchant l'amour pour le prochain. Cela n'empêcha pas mon emprisonnement, en Inde ou en Afrique du Sud. Je suis reconnu comme le Père de la Nation en Inde. Je mourus assassiné par un ressortissant nationaliste hindou qui me tenait responsable de la partition de l'Inde est de l'affaiblissement des hindous face aux musulmans du pays.Gandhi
85%
Je suis la mascotte d'une licence de jeux vidéos appartenant à une société qui aujourd'hui ne vend plus de consoles. J'ai été créé pour rivaliser avec la mascotte de la société concurrente, un plombier italo-américain tout de rouge vêtu. Quelle ironie pour le petit hérisson bleu à la vitesse flamboyante que je suis d'être utilisé par cette même concurrence. Enfin, tant que Robotnik manigancera dans l'ombre, peu importe la console ou la société, je ferai mon devoir, et je déjouerai ses plans.Sonic
82%
Je suis une icône du cinéma et par extension, du sport. Le film qui me vit débuter remporte l'Oscar du meilleur film en 1977. L'acteur qui joua mon rôle est aussi le scénariste du film. Mon sport est la boxe. Je suis un battant, j'étais inconnu avant de combattre et de perdre avec les honneurs face au champion de l'époque, alors que personnes n'aurait misé un dollar sur moi. Ce champion mourut des mains d'un boxeur russe. Je vainquis ce boxeur, "vengeant" ainsi mon ami disparu. Après ma carrière, je devins entraîneur. Mon élève n'est autre que le fils de l'homme qui a lancé ma carrière des années auparavant dans ce combat dantesque.Rocky Balboa
74%
Je suis né une nuit lors de laquelle une catastrophe a failli raser mon village. Cette dernière fut évitée de justesse grâce notamment au sacrifice de mes parents. J'ai vécu dans la solitude la plus totale. Les gens m'évitaient, me traitaient de démon et je ne savais pas pourquoi. J'ai compris plus tard qu'un démon renard à neuf queues, le même démon qui allait raser mon village, était scellé en moi. Et aussi que c'était la raison de ma solitude. Mon père était le chef de mon village. Après la Grande Guerre Ninja, je fus acclamé en héros auprès de toutes les nations. Je suis devenu chef de mon village à mon tour quelques années plus tard.Naruto
61%
Je suis un prince d'une planète lointaine ayant été détruite. J'ai échappé à sa destruction et, après de nombreuses péripéties, je suis arrivé sur Terre. Mon but premier était de devenir immortel en utilisant les fameuses Dragon Ball, mais j'ai d'abord rencontré mon rival de toujours, puis le destructeur de ma planète pour lequel je "travaillais" est arrivé sur Namek (j'y recherchais encore ces Dragon Ball). Kakarot l'a vaincu. Lui qui devrait être mon subordonné est soi-disant plus puissant que moi. Je ne l'accepterai jamais. Entre temps je me suis marié à une terrienne et j'ai deux enfants.Vegeta
53%
Je suis l'une des rockstars les plus connues dans le monde. Grâce à mon attitude sur scène et mon charisme naturel, je suis parmi les influences de nombreux chanteurs et musiciens. Je suis originaire de Dartford, dans le Kent, mais c'est à Londres que je co-fonde avec mes amis le groupe qui nous rendra célèbres. Il est encore actif, faisant de nous l'un des groupes à la longévité la plus longue. Sur le plan privé, ma vie amoureuse est très agitée, et ma consommation de drogues n'est pas un secret. Un petit détail supplémentaire, je maîtrise la langue française à la perfection.Mick Jagger
47%

Distribution des résultats

Percentile par nombre de réponses

% des personnes avec chaque résultat

Votre développement - résultats

Vous n’avez pas pris ce quiz